|
|
|
|
| LEADER |
00000nam0a2200000 4500 |
| 001 |
301572 |
| 005 |
20231102001420.0 |
| 010 |
|
|
|a 9785160056678
|
| 035 |
|
|
|a (RuTPU)RU\TPU\book\326748
|
| 090 |
|
|
|a 301572
|
| 100 |
|
|
|a 20150810d2016 m y0rusy50 ca
|
| 101 |
0 |
|
|a rus
|
| 102 |
|
|
|a RU
|
| 105 |
|
|
|a y j 001zy
|
| 200 |
1 |
|
|a ТНК России
|e учебное пособие для вузов
|f О. В. Климовец
|
| 210 |
|
|
|a Москва
|c Инфра-М
|d 2016
|
| 215 |
|
|
|a 380 с.
|
| 225 |
1 |
|
|a Высшее образование - Магистратура
|
| 320 |
|
|
|a Библиогр.: с. 348-376.
|
| 320 |
|
|
|a Глоссарий: с. 295-347.
|
| 330 |
|
|
|a В учебном пособии рассматривается новейшее явление в мировой экономике XXI в. — формирование и развитие российских транснацион&ть-ных корпораций. Анализируются тенденции развития зарубежной хозяйственной активности российских компаний на фоне международных операций ТНК из других стран; выявляются движущие силы и конкретные мотивы перехода к международной инвестиционной деятельности; вскрываются основные проблемы отечественных компаний за рубежом, а также реакция на их инвестиционную активность со стороны принимающих государств; определяются возможные последствия дальнейшего развития транснационализации бизнеса российских корпораций.Для магистрантов, обучающихся по направлению 38.03.01 «Экономика» профилю «Международный бизнес», «Внешнеэкономическая деятельность предприятий и фирм», «Международные экономические отношения», «Международные инвестиции», «Международная инвестиционная деятельность», «Международный менеджмент» а также для широкого круга специалистов, исследующих и осуществляющих встраивание экономических интересов российского бизнеса в современную глобальную хозяйственную архитектуру.
|
| 606 |
1 |
|
|a Предприятия
|x Внешнеэкономическая деятельность
|2 stltpush
|3 (RuTPU)RU\TPU\subj\36682
|9 57975
|
| 610 |
1 |
|
|a ТНК
|
| 610 |
1 |
|
|a транснационализация
|
| 610 |
1 |
|
|a транснациональные компании
|
| 610 |
1 |
|
|a транснациональные корпорации
|
| 610 |
1 |
|
|a теория
|
| 610 |
1 |
|
|a российские компании
|
| 610 |
1 |
|
|a отраслевые векторы
|
| 610 |
1 |
|
|a стратегии
|
| 610 |
1 |
|
|a перспективы развития
|
| 610 |
1 |
|
|a учебные пособия
|
| 686 |
|
|
|a У9(2)298я73
|v LBC/SL-A
|2 rubbk
|
| 700 |
|
1 |
|a Климовец
|b О. В.
|g Ольга Валентиновна
|
| 801 |
|
1 |
|a RU
|b 63413507
|c 20150810
|
| 801 |
|
2 |
|a RU
|b 63413507
|c 20151102
|g RCR
|
| 900 |
|
|
|a Внешнеэкономическая деятельность
|
| 900 |
|
|
|a Внешнеэкономическая деятельность предприятия
|
| 900 |
|
|
|a Международное инвестирование
|
| 900 |
|
|
|a Международные экономические отношения
|
| 942 |
|
|
|c BK
|
| 951 |
|
|
|l 8.3
|
| 959 |
|
|
|a 92/20150730
|d 1
|e 499,90
|f ЧЗТЛ:1
|